| 000 | 00838 a2200217 4500 | ||
|---|---|---|---|
| 005 | 20080826143515.0 | ||
| 008 | 080826t xxu||||| |||| 00| 0 eng d | ||
| 010 | _aENG-87199 | ||
| 020 |
_a9788184500332 _c2250.00 |
||
| 035 | _aEN-70732 | ||
| 037 | _bDBAD / PUB | ||
| 082 | _a363.34 | ||
| 100 | _aGoel, S.L. | ||
| 245 |
_aDisaster administration and management _btext and case studies |
||
| 260 |
_aNew Delhi _bDeep & Deep Publications _c2007 |
||
| 270 |
_aF-159, Rajouri Garden _bNew Delhi _e110 027 |
||
| 300 |
_axiv, 626 p. _c24 cm ( Hb.) |
||
| 500 | _aIncludes bibliograpgical references and index | ||
| 942 |
_adpl _cEN _k363.34 /GOE _2ddc _h363.34 _mGOE |
||
| 999 |
_c6232 _d6232 |
||